00761cam a22002411a 4500001001300000003000400013005001700017008004100034010001700075035002000092040002100112042001200133043001200145050001700157100002700174245012000201260007100321300002800392504002600420651003300446700002300479999001700502ne 68002349 DLC20260227111843.0930520s1964 tu a b 000 0 tur  ane 68002349  a(OCoLC)28140603 aDLCcCUdCUdDLC apremarc aa-tu---00aDR701.G3bA41 aAlemdaroğlu, Mehmet.10aTarihi, coğrafi, iktisadi ve turistik yönleriyle Geliboluc[yazan] Mehmet Aldemdaroğlu [ve] Mehmet İrdesel. a[Gelibolu,bBasıldığı yer: Fırıncıoğlu Matbaası]c1964. a[89] p.billus.c20 cm. aBibliography: p. [89] 0aGallipoli Peninsula (Turkey)1 aİrdesel, Mehmet. c50496d50496